| 000 | 00361nam a22001337a 4500 | ||
|---|---|---|---|
| 008 | 250702b |||||||| |||| 00| 0 eng d | ||
| 020 | _a1853960233 | ||
| 050 |
_aHD2321 _b.D53 |
||
| 100 | _aDICKEN Peter | ||
| 245 | _aGlobal Shift Industrial Change in a Turbulent World. | ||
| 260 |
_aLondon _bPaul Chapman Publishing Ltd. _c1986 |
||
| 300 | _a526p. | ||
| 942 | _cBK | ||
| 999 |
_c4055 _d4055 |
||